000
00343nam a2200145Ia 4500
008
150201s2008 xx 000 0 und d
082
_a
612.015
_b
P08V
100
_a
VOET&VOET
245
_a
PRINCIPLES OF BIOCHEMISTRY
250
_a
3RD
260
_b
JOHNWILEY&SONS
_a
delhi
_c
2008
300
_a
1-1099
650
_a
BIOCHEMISTRY
942
_2
ddc
_c
BK
999
_c
297
_d
297